1932 1945 1889 1094 1661 1983 1339 1100 1464 1016 1583 1755 1658 1179 1949 1089 1118 1351 1844 1947 1258 1110 1077 1281 1284 1588 1435 1083 1743 1959 1566 1570 1081 1691 1366 1430 1567 1221 1751 1185 1800 1901 1116 1328 1247 1549 1334 1496 1039 1341 1824 1029 1310 1035 1753 1095 1995 1788 1982 1971 1403 1041 1639 1153 1725 1083 1264 1939 1363 1636 1194 1668 1729 1300 1573 1939 1790 1715 1517 1106 1362 1790 1302 1201 1703 1781 1570 1086 1906 1008 1656 1455 1926 1874 1037 1685 1169 1025 1203 BCNSPRNW ULIB Ver.6.0+V

เปลี่ยนเป็นภาษาไทย

Change to English
 แสดงรายละเอียดบรรณานุกรม
  กลับหน้าหลัก

Brief Record : Get Marc (ISO 2709) : E-mail record : QR code < ปิดหน้าต่าง
LEADER : 00000nam 2200000uu 4500
001    13399112259
003     ULIB
008    110202s2551||||th 000 0 tha d
020    9789741028047(ล.1)
060  4 WY18.2^bค127ค ล.1 2551
245 00 คู่มือการสอบใบอนุญาตประกอบวิชาชีพการพยาบาล เล่ม 1 ทบทวนสาระและตัวอย่างข้อสอบ =^bNCLEX-RN Review 5th edition 2005/^cบรรณาธิการ ประกาย จิโรจน์กุล และคณะ,ผู้แปล คณะอาจารย์วิทยาลัยพยาบาลบรมราชชนนี กรุงเทพฯ
246 0  NCLEX-RN Review 5th edition 2005
250    พิมพ์ครั้งที่ 1
260    กรุงเทพฯ:^bเซ็นเกจ เลินนิ่ง(ประเทศไทย) จำกัด,^c2551
300    484 หน้า
650  7 การพยาบาล--ตัวอย่างข้อสอบ
650  7 การสอบใบอนุญาตประกอบวิชาชีพการพยาบาล
700 0  คณะอาจารย์วิทยาลัยพยาบาลบรมราชชนนี กรุงเทพฯ,^eผู้แปล
700 0  ประกาย จิโรจน์กุล และคณะ,^eบรรณาธิการ
710 2  กระทรวงสาธารณสุข ^bสถาบันพระบรมราชนก^bวิทยาลัยพยาบาลบรมราชชนนี
945    ^p395^l0^i025020
945    ^p395^l0^i025021
945    ^p395^l0^i025022
945    ^p395^l0^i025023
945    ^p395^l0^i026978
945    ^p395^l0^i026979
945    ^p395^l0^i026980
945    ^p395^l0^i028685
945    ^p395^l0^i028686
945    ^p395^l0^i028687
995    ทศพร
999 ^a ใช้งานได้ทุกระบบ
รายการนี้ยังไม่มีแท็ก
คุณยังไม่ได้ล็อกอิน คุณสามารถมีกิจกรรมร่วมกับเว็บไซต์ได้ แต่ต้องล็อกอินก่อน ::
  ล็อกอิน

รายการสื่อสารสนเทศ

ลำดับที่ ประเภท เลขเรียก/บาร์โค้ด สถานที่ สถานะ
- ไม่พบข้อมูล -

รายการใกล้เคียง
    หัวเรื่อง [การพยาบาล--ตัวอย่างข้อสอบ]
    หัวเรื่อง [การสอบใบอนุญาตประกอบวิชาชีพการพยาบาล]

BibComment


ยังไม่เคยถูกคอมเมนท์

คอมเมนท์ทรัพยากรรายการนี้
  คอมเมนท์: คู่มือการสอบใบอนุ..


 Copyright 2026. Bcnsprnw @Library